000 01069nam a2200301 a 4500
001 000000578
003 DO-SdBPM
005 20260130112427.0
007 ta
008 090130s2003 dr 000 0 spa d
020 _a9993490091
040 _aDO-SdBPM
_bspa
_cBPMSU
_drda
082 4 _a972.93
_bI43v 2003
_222
100 1 _aInfante, Fernando
_d1935-2025
_eautor
_4aut.
245 1 4 _aLos viejos días /
_cFernando Infante.
260 _aSanto Domingo :
_bLetra Gráfica,
_c2003.
300 _a160 p. ;
_c22 cm.
336 _atexto
_btxt
_2rdacontent
337 _asin mediación
_bn
_2rdamedia
338 _avolumen
_bnc
_2rdacarrier
500 _aIncluye datos biográficos en las solapas
600 1 7 _a Infante, Fernando,
_d1935-2026
_xCorrespondencia, memorias, etc
650 7 _aLiteratura dominicana
651 7 _aSanto Domingo (República Dominicana: ciudad)
_xHistoria local
_ySiglo XX
_2
651 7 _aRepública Dominicana
_xHistoria
_yEra de Trujillo, 1930-1961
_xRelatos personales
_2
910 _aVMateo V. Control de calidad. BPMSU
942 _2ddc
_cBK
999 _c15645
_d15645